<?xml version="1.0" encoding="UTF-8"?>
<collection xmlns="http://www.loc.gov/MARC21/slim">
 <record>
  <leader>05761nam a2200349 a 4500</leader>
  <controlfield tag="001">kal3848</controlfield>
  <controlfield tag="003">Gr-AtHEAL</controlfield>
  <controlfield tag="005">20160425125514.0</controlfield>
  <controlfield tag="006">m        d        </controlfield>
  <controlfield tag="008">160413s2015    gr      s           gre|c</controlfield>
  <datafield tag="020" ind1=" " ind2=" ">
   <subfield code="a">9789606032431</subfield>
  </datafield>
  <datafield tag="040" ind1=" " ind2=" ">
   <subfield code="a">GR-AtHEAL</subfield>
   <subfield code="b">gre</subfield>
   <subfield code="c">GR-AtHEAL</subfield>
  </datafield>
  <datafield tag="082" ind1="0" ind2="4">
   <subfield code="a">617.69</subfield>
   <subfield code="2">23</subfield>
  </datafield>
  <datafield tag="100" ind1="1" ind2=" ">
   <subfield code="a">Κωτσιομύτη, Ελένη.</subfield>
   <subfield code="8">899</subfield>
  </datafield>
  <datafield tag="245" ind1="1" ind2="0">
   <subfield code="a">Προσθετική αποκατάσταση με κινητές μερικές οδοντοστοιχίες</subfield>
   <subfield code="h">[Ηλεκτρονικός πόρος] </subfield>
   <subfield code="b">Διάγνωση, Σχεδιασμός, Κατασκευή, Παρακολούθηση</subfield>
   <subfield code="c">Κωτσιομύτη, Ελένη ; Εμμανουήλ, Ιωάννης ; Πισιώτης, Αργύριος ; Κριτικός αναγνώστης,Αναστασιάδου, Βασιλική ; Τεχνική επιμέλεια,Παλιόκας, Ιωάννης ; Τεχνική επιμέλεια,Μαζίνης, Εμμανουήλ ; Γλωσσική επιμέλεια,Μπίσμπα Άννα.</subfield>
  </datafield>
  <datafield tag="260" ind1=" " ind2=" ">
   <subfield code="a">Αθήνα :</subfield>
   <subfield code="b">Σύνδεσμος Ελληνικών Ακαδημαϊκών Βιβλιοθηκών,</subfield>
   <subfield code="c">c2015.</subfield>
  </datafield>
  <datafield tag="490" ind1=" " ind2=" ">
   <subfield code="a">Ακαδημαϊκά Ηλεκτρονικά Συγγράμματα και Βοηθήματα Κάλλιπος</subfield>
   <subfield code="8">40</subfield>
  </datafield>
  <datafield tag="520" ind1=" " ind2=" ">
   <subfield code="a">Το βιβλίο αυτό απευθύνεται στους προπτυχιακούς φοιτητές Οδοντιατρικής ως βασικό εκπαιδευτικό βοήθημα για το μάθημα ‘Μερικές Οδοντοστοιχίες ΙΙ’, στα πλαίσια της διδασκαλίας τους στο γνωστικό αντικείμενο της Κινητής Προσθετικής. Μπορεί να χρησιμοποιηθεί και από τους προπτυχιακούς φοιτητές Οδοντιατρικής και Οδοντικής Τεχνολογίας που διδάσκονται μαθήματα σχετικά με το αντικείμενο των μερικών οδοντοστοιχιών, όπως τα μαθήματα ‘Μερικές Οδοντοστοιχίες Ι’ και ‘Σύνθετες Προσθετικές Αποκαταστάσεις’, του Οδοντιατρικού Τμήματος του ΑΠΘ, καθώς και από τους μεταπτυχιακούς φοιτητές. Θα είναι επιπλέον χρήσιμο για πτυχιούχους οδοντιάτρους και οδοντοτεχνίτες, για επικαιροποίηση των γνώσεών τους σχετικά με τα υλικά και τις τεχνικές, το σχεδιασμό της αποκατάστασης και γενικότερα τις αρχές διαχείρισης του μερικά νωδού ασθενή. Στόχος του βιβλίου είναι να εφοδιάσει τον αναγνώστη με συστηματική γνώση για παροχή φροντίδας στον μερικά νωδό ασθενή, εναρμονισμένη με την επιστημονική τεκμηρίωση και τη σύγχρονη ασθενοκεντρική θεώρηση, καθώς και να περιγράψει ένα ολοκληρωμένο και συστηματικό πρωτόκολλο αποκατάστασης. Έπειτα από μια σύντομη ιστορική αναδρομή της αποκατάστασης με μερικές οδοντοστοιχίες περιγράφονται τα ιδιαίτερα χαρακτηριστικά του μερικά νωδού ατόμου, οι άξονες για την προσέγγισή του και τα κριτήρια του προσθετικού σχεδιασμού. Στη συνέχεια αναπτύσσονται τα αλληλοδιάδοχα κλινικά και εργαστηριακά στάδια της κατασκευής της μερικής οδοντοστοιχίας διαρθρωμένα σε τρεις μεγάλες ενότητες (διάγνωση / σχεδίαση, προετοιμασία στόματος /αποτύπωση, κατασκευή της μερικής οδοντοστοιχίας). Τέλος, παρουσιάζονται τα δεδομένα σχετικά με την πρόγνωση των μερικών οδοντοστοιχιών, τις πιθανές βιολογικές και τεχνικές επιπλοκές, την αποδοχή από τους χρήστες και τη διατήρηση του αποτελέσματος.</subfield>
  </datafield>
  <datafield tag="650" ind1=" " ind2="0">
   <subfield code="a">Mouth Rehabilitation</subfield>
   <subfield code="8">2428</subfield>
  </datafield>
  <datafield tag="650" ind1=" " ind2="0">
   <subfield code="a">Prosthodontics</subfield>
   <subfield code="8">2429</subfield>
  </datafield>
  <datafield tag="653" ind1=" " ind2=" ">
   <subfield code="a">Προσθετική αποκατάσταση</subfield>
  </datafield>
  <datafield tag="653" ind1=" " ind2=" ">
   <subfield code="a">Μερική οδοντοστοιχία</subfield>
  </datafield>
  <datafield tag="653" ind1=" " ind2=" ">
   <subfield code="a">Επιστήμες υγείας</subfield>
   <subfield code="a">Οδοντιατρική</subfield>
   <subfield code="a">Αποκατάσταση στόματος</subfield>
  </datafield>
  <datafield tag="653" ind1=" " ind2=" ">
   <subfield code="a">Επιστήμες υγείας</subfield>
   <subfield code="a">Οδοντιατρική</subfield>
   <subfield code="a">Οδοντιατρικές ειδικότητες</subfield>
   <subfield code="a">Προσθετική δοντιών</subfield>
  </datafield>
  <datafield tag="700" ind1="1" ind2=" ">
   <subfield code="a">Πισιώτης, Αργύριος</subfield>
   <subfield code="e">Συγγραφέας</subfield>
   <subfield code="8">900</subfield>
  </datafield>
  <datafield tag="700" ind1="1" ind2=" ">
   <subfield code="a">Εμμανουήλ, Ιωάννης</subfield>
   <subfield code="e">Συγγραφέας</subfield>
   <subfield code="8">901</subfield>
  </datafield>
  <datafield tag="700" ind1="1" ind2=" ">
   <subfield code="a">Αναστασιάδου, Βασιλική</subfield>
   <subfield code="e">Κριτικός αναγνώστης</subfield>
   <subfield code="8">902</subfield>
  </datafield>
  <datafield tag="856" ind1="4" ind2="0">
   <subfield code="u">http://hdl.handle.net/11419/3848</subfield>
   <subfield code="z">Πλήρες Κείμενο - Full text</subfield>
  </datafield>
  <datafield tag="907" ind1=" " ind2=" ">
   <subfield code="a">.b25680456</subfield>
   <subfield code="b">12-06-18</subfield>
   <subfield code="c">29-07-16</subfield>
  </datafield>
  <datafield tag="949" ind1=" " ind2=" ">
   <subfield code="0">0</subfield>
   <subfield code="1">0</subfield>
   <subfield code="2">ddc</subfield>
   <subfield code="4">0</subfield>
   <subfield code="6">617_690000000000000_ΚΩΤ</subfield>
   <subfield code="7">0</subfield>
   <subfield code="8">KALL</subfield>
   <subfield code="8">804</subfield>
   <subfield code="d">2016-04-13</subfield>
   <subfield code="r">2016-04-13</subfield>
   <subfield code="w">2016-04-13</subfield>
   <subfield code="z">617.69 ΚΩΤ</subfield>
   <subfield code="o">SEAB KALLIPOS</subfield>
  </datafield>
  <datafield tag="998" ind1=" " ind2=" ">
   <subfield code="a">80</subfield>
   <subfield code="a">02</subfield>
   <subfield code="a">01</subfield>
   <subfield code="a">03</subfield>
   <subfield code="a">04</subfield>
   <subfield code="a">05</subfield>
   <subfield code="a">06</subfield>
   <subfield code="a">07</subfield>
   <subfield code="a">08</subfield>
   <subfield code="a">09</subfield>
   <subfield code="a">10</subfield>
   <subfield code="a">11</subfield>
   <subfield code="a">12</subfield>
   <subfield code="a">13</subfield>
   <subfield code="a">14</subfield>
   <subfield code="a">15</subfield>
   <subfield code="a">16</subfield>
   <subfield code="a">17</subfield>
   <subfield code="a">18</subfield>
   <subfield code="a">19</subfield>
   <subfield code="a">20</subfield>
   <subfield code="a">21</subfield>
   <subfield code="a">22</subfield>
   <subfield code="a">23</subfield>
   <subfield code="a">24</subfield>
   <subfield code="a">25</subfield>
   <subfield code="a">26</subfield>
   <subfield code="b">16-05-17</subfield>
   <subfield code="c">m</subfield>
   <subfield code="d">z  </subfield>
   <subfield code="e">-</subfield>
   <subfield code="f">gre</subfield>
   <subfield code="g">gr </subfield>
   <subfield code="h">0</subfield>
  </datafield>
  <datafield tag="942" ind1=" " ind2=" ">
   <subfield code="2">ddc</subfield>
   <subfield code="c">KALLIPOS</subfield>
  </datafield>
 </record>
</collection>
